000 00512nam a2200157 a 4500
001 000024293
005 20200930022901.0
008 110126s1981 dr a 000 0 spa d
040 _aDO-SdBNP
_bspa
_cBNPHU
082 _axxx
_bR838g
100 1 _aRosso, Dulce María
_949861
245 1 0 _aGuía metodológica de expresión dinámica /
_cDulce María Rosso.
260 _aSanto Domingo :
_bSecretaría de Estado de Educación, Bellas Artes y Cultos ;,
_c1981.
300 _a140 p. :
_bil. ;
_c22 cm.
049 _aBNPD
999 _c23786
_d23786